Arquitectura y fortificación : (Record no. 10220)

MARC details
000 -LEADER
campo de control de longitud fija 00821nam a2200253 i 4500
001 - NÚMERO DE CONTROL
campo de control 10220
003 - IDENTIFICADOR DE NÚMERO DE CONTROL
campo de control ES-MaACL
005 - FECHA Y HORA DE LA ÚLTIMA TRANSACCIÓN
campo de control 20230906145836.0
007 - CAMPO FIJO DE DESCRIPCIÓN FÍSICA--INFORMACIÓN GENERAL
campo de control de longitud fija t|
008 - DATOS DE LONGITUD FIJA--INFORMACIÓN GENERAL
campo de control de longitud fija 950322s1993 sp ae |||| | spa d
020 ## - NÚMERO INTERNACIONAL ESTÁNDAR DEL LIBRO
Número Internacional Estándar del Libro 84-86474-17-5
080 ## - NÚMERO DE LA CLASIFICACIÓN DECIMAL UNIVERSAL
Número de la Clasificación Decimal Universal 725.18(7/8)"17"
100 1# - ENTRADA PRINCIPAL--NOMBRE DE PERSONA
Nombre de persona Gutiérrez, Ramón.
9 (RLIN) 61073
245 10 - MENCIÓN DEL TÍTULO
Título Arquitectura y fortificación :
Resto del título de la Ilustración a la independencia americana /
Mención de responsabilidad, etc. Ramón Gutiérrez, Cristina Esteras.
250 ## - MENCION DE EDICION
Mención de edición 1ª ed.
260 ## - PUBLICACIÓN, DISTRIBUCIÓN, ETC.
Lugar de publicación, distribución, etc. Madrid :
Nombre del editor, distribuidor, etc. Tuero,
Fecha de publicación, distribución, etc. 1993.
300 ## - DESCRIPCIÓN FÍSICA
Extensión XI, 461 p. :
Otras características físicas il., planos ;
Dimensiones 21 cm.
490 1# - MENCIÓN DE SERIE
Mención de serie Investigación y crítica
650 #4 - PUNTO DE ACCESO ADICIONAL DE MATERIA--TÉRMINO DE MATERIA
Término de materia o nombre geográfico como elemento de entrada Arquitectura militar-
Subdivisión geográfica América española.
9 (RLIN) 168654
700 1# - ENTRADA AGREGADA--NOMBRE PERSONAL
Nombre de persona Esteras, Cristina.
9 (RLIN) 48115
830 1# - PUNTO DE ACCESO ADICIONAL DE SERIE-TÍTULO UNIFORME
Título uniforme Investigación y crítica
9 (RLIN) 228109
852 4# - LOCALIZACIÓN
Ubicación ES-MaACL
Número de control de estantería L-17662
Holdings
Estatus retirado Estado de pérdida Estado de daño No para préstamo Biblioteca de origen Biblioteca actual Ubicación en estantería Fecha de adquisición Fuente de adquisición Total de préstamos Signatura topográfica completa Código de barras Visto por última vez Precio de reemplazo Tipo de ítem Koha
        Biblioteca del Ateneo de Madrid Biblioteca del Ateneo de Madrid Depósito 2 17/01/2008     L-17662 1010429 23/02/2023 23/02/2023 Libro impreso